Identificación y caracterización de genes relacionados con los cambios de ploidía y la apomixis diplospórica en Eragrostis curvula /

Guardado en:
Otros Autores: Selva, Juan Pablo. (Disertante), Echenique, Viviana. (Orientador), Pessino, Silvina. (Orientador)
Formato: Manuscrito
Idioma:Spanish
Publicado: 2010.
Materias:
Acceso en línea:Texto completo
Etiquetas: Agregar Etiqueta
Sin Etiquetas, Sea el primero en etiquetar este registro!
LEADER 01309ntm a22003135a 4500
001 EEA.libagro009327
005 20150824101400.0
008 130225s2010####ag#######bm###000#0#spa#d
082 0 4 |a 040  |2 15 
082 0 4 |a 633.2  |2 15 
100 1 |a Selva, Juan Pablo.  |4 dis 
245 1 0 |a Identificación y caracterización de genes relacionados con los cambios de ploidía y la apomixis diplospórica en Eragrostis curvula /  |c Juan Pablo Selva. 
260 |c 2010. 
300 |a 169 h. :  |b il. col. ;  |c 30 cm. 
500 |a "Tesis de Doctorado en Agronomía". 
500 |a Director de tesis: Viviana Echenique y Silvina Pessino. 
502 |a Tesis (doctoral)--Universidad Nacional del Sur. Departamento de Agronomía, 2010. 
504 |a Incluye referencias bibliográficas. 
530 |a Disponible también en formato digital 
650 7 |a Agronomía  |2 unbist 
650 7 |a Cultivos forrajeros.  |2 unbist 
650 7 |a Fitogenética.  |2 unbist 
653 |a Pasto llorón 
653 |a Genética agrícola 
700 1 |a Echenique, Viviana.  |4 ths 
700 1 |a Pessino, Silvina.  |4 ths 
710 2 |a Universidad Nacional del Sur.  |b Departamento de Agronomía  |4 dgg. 
856 4 1 |3 Texto completo  |u http://repositoriodigital.uns.edu.ar/handle/123456789/2309 
859 |a AR-BbBCA  |b BIB. AGRONOMIA  |h 040  |i B148 2010-1062se  |p 123368/013